000
00267nam a2200109Ia 4500
008
190914s9999||||xx |||||||||||||| ||und||
100
_a
Stuart T. Miller
245
0
_a
Mastering Modern European History
260
_a
India
_b
Oxford
_c
2004
300
_a
263
942
_c
BK
999
_c
10018
_d
10018